00459nam a2200181Ia 4500003000400000005001700004008004100021020002200062040000700084041000800091082001300099100001800112245003900130260004100169300001700210365001300227650003700240OSt20230606104457.0210423s2019 xx 000 0 und d a978-93-83181-87-2 cAL aeng a361 AWAP aAWASTHI (S K) aPedagogy of child welfare and care aNew DelhibGlobal Publicationsc2019 aviii,280bHB b995cINR aSocial Problems & Social Welfare